| 000 | 01098nam0a22003011 4500 | ||
|---|---|---|---|
| 001 | RU\NLR\INFOCOMM_195\5000046506 | ||
| 005 | 20250613092247.0 | ||
| 035 | _a(NLR Aleph) 009155022 | ||
| 090 |
_a8418502 _c8418502 |
||
| 100 | _a20100125d1960 |||y0rusy50 ca | ||
| 101 | 0 | _aeng | |
| 102 | _aRU | ||
| 105 | _ay ||||000|y | ||
| 200 | 1 |
_aArchitectural schools of medieval Azerbaijan and the problem of style in the architecture of the Near Eastern countries _fL. S. Bretanitsky |
|
| 210 |
_aΜ. _cOriental lit. publ. house _d1960 |
||
| 215 |
_a19 с. _d21 см |
||
| 225 | 1 |
_aPapers presented by the USSR delegation _fXXV International congress of orientalists _v[7] |
|
| 309 | _aЛитогр. | ||
| 320 | _aБиблиогр.: с. 16-17 | ||
| 686 |
_aИсА-910 _2rubbk |
||
| 700 | 1 |
_9z01790 _aBretanickij _bL. S. _gLeonid Semenovič _4070 |
|
| 712 | 1 | 2 |
_aInternational congress of orientalists _bUSSR delegation _d25 _eMoscow _f1960 _4570 |
| 790 | 1 |
_9z01700 _aBretanitsky _bL. S. _4070 |
|
| 801 | 1 |
_aRU _bNLR _c20100125 |
|
| 801 | 0 |
_aRU _bNLR _gPSBO |
|
| 852 |
_aNLR _jИс21 Г-4/73 |
||
| 942 | _cBOOK | ||
| 980 | _aNB | ||